00426nam a2200157Ia 4500003000900000008004100009040001600050080001200066100002700078245005300105250001200158260003300170300001000203650001400213650004100227IN-BaIIA211028s9999 xx 000 0 eng d cIIA Library a52bWOO aWooley, R Van Der Riet 2aA key to the starscRichard van der Riet Woolley a3rd ed. aLondonbBlackie & Sonsc1957 a144p. aAstronomy aAstronomy and astrophysics thesaurus